=LDR 00000nam 2200000 4500 =001 INLIS000000000016007 =005 20130612111301 =008 ***********************************Ind** =035 ##$$0010-061300000016007 =041 ##$$a Ind =082 ##$$a 345.06 =090 ##$$a 345.06, Fah k =100 ##$$a Fahri, Ahmad =245 ##$$a Ketentuan pidana dalam bidang kearsipan dan dokumentasi, Ahmad Fahri SH =260 ##$$a 1983 $b Jakarta =300 ##$$a XI-171 hlm., 23 cm =650 ##$$a Hukum Pidana - Bukti =850 ##$$a NBPNMAT